000 00416pab a2200145 454500
008 180718b1989 xxu||||| |||| 00| 0 eng d
100 _aDash, Jitendra Narayan
245 _aUdaychal movement in Assam
_bA case of social - political identity for the Bodos
260 _c1989
300 _a335-42
362 _aJul.-Sep.
650 _aAssam - Politics
773 _aIndian Journal of Political Science
909 _a4023
999 _c4023
_d4023